000 01424cam a2200337 a 4500
999 _c2094
_d2094
001 403771
003 OSt
005 20230306140320.0
008 160217s2010 enka j 001 0 eng d
010 _a2015509347
020 _a9780439944571
_q(pbk.) :
037 _b公共圖書館臺東分區資源中心
040 _aNF
_cTTCT
_dTTCT
_dKH8
042 _anbic
082 0 _a551.22 GAN
100 1 _aGaneri, Anita,
_d1961-
_eauthor
245 1 0 _aEarth-shattering earthquakes /
_cAnita Ganeri ; illustrated by Mike Phillips.
260 _aLondon :
_bScholastic,
_c2010.
300 _a[128] p. :
_bill. ;
_c20 cm.
490 1 _aHorrible geography.
500 _a128 pages: text has 127 numbered pages, and ends with page numbered 96.
500 _aIncludes index.
505 0 _aMachine generated contents note: A shocking true story -- Cracking up -- Whose fault is it? -- Shattering shock waves -- On very shaky ground -- Earthquake experts -- Shocking warning signs -- Surviving the shock -- A shaky future?
520 _aIt's "Horrible Geography's" turn to get a revamp. With a brand-new cover design, updated text and now including a horrible index, it's geography with even more gritty bits left in!
650 0 _aEarthquakes
_vJuvenile literature.
653 _a英語學習
653 _a青少年
700 1 _aPhillips, Mike,
_d1961-
_eillustrator
830 0 _aHorrible geography.
942 _2ddc
_cNFIC